Minecraft Hero Teilnehmer - Sudden Death - Statistiken

Allgemein
  • Dieses Quiz wurde 160 mal gespielt
  • Das Durchschnittsergebnis liegt bei 6 aus 21
Answers on the Grid
Answers color-coded by a green-red scale on the quiz's grid according to % correct below.
ungespielt
GommeHD
SparkOfPhoenix
LetsTaddl
DebitorLP
DeadSheap
Rewinside
LPmitKev
PetritLP
Herr Bergmann
TheKedosZone
ShuffleLP
CastCrafter
Stegi
MCExpertDE
GermanLetsPlay
KiwiKilian
Doim95
PXLWLF
Zombey
Sturmwaffel
DoctorBenx
BastiGHG
Calibour
KranKrafter
Gamerstime
WolfWins
Paluten
MrMoregame
MrOutback
ZanderLP
Dner
Izzi
VeniCraft
Gronkh
Rotpilz
ConCrafter
Maudado
 
Antwortstatistiken
Antwort % Korrekt
ungespielt
78%
GommeHD
77%
DebitorLP
40%
Rewinside
40%
LetsTaddl
36%
Stegi
35%
LPmitKev
31%
Dner
28%
MCExpertDE
28%
Rotpilz
25%
DeadSheap
24%
Zombey
24%
Calibour
19%
TheKedosZone
19%
ConCrafter
18%
ShuffleLP
17%
ZanderLP
17%
Doim95
16%
KiwiKilian
16%
MrOutback
16%
WolfWins
16%
Keine übereinstimmenden Quizze gefunden
Verteilung der Resultate
Anzahl Personen mit jedem Resultat
Perzentil nach korrekt beantworteten Fragen
Ihre Resultats-Entwicklung
Sie haben dieses Quiz noch nicht gespielt